Meilleurs pointeurs de l'histoire des Coyotes de l'Arizona - Statistiques

Statistiques générales
  • Ce quiz a été pris 7 fois
  • Le résultat moyen est 6 sur 50
Statistiques - réponses
Rang Joueur PTS % Correct
3 Oliver Ekman-Larsson 351
86%
1 Shane Doan 955
71%
18 Clayton Keller 146
57%
23 Max Domi 135
57%
2 Jeremy Roenick 379
43%
50 Jakob Chychrun 73
29%
5 Keith Tkachuk 334
29%
7 Keith Yandle 311
29%
13 Mike Johnson 159
29%
4 Radim Vrbata 343
29%
26 Alex Goligoski 122
14%
46 Anthony Duclair 74
14%
32 Christian Dvorak 102
14%
42 Claude Lemieux 81
14%
11 Daymond Langkow 196
14%
30 Derek Stepan 107
14%
38 Greg Adams 89
14%
36 Jyrki Lumme 93
14%
9 Ladislav Nagy 249
14%
6 Martin Hanzal 313
14%
20 Steven Reinprecht 143
14%
8 Teppo Numminen 269
14%
16 Antoine Vermette 149
0%
39 Brad Richardson 88
0%
27 Cliff Ronning 113
0%
31 Craig Janney 106
0%
14 Dallas Drake 152
0%
17 Daniel Brière 146
0%
15 Derek Morris 152
0%
12 Ed Jovanovski 164
0%
48 Fredrik Sjostrom 73
0%
40 Juha Ylonen 87
0%
41 Keith Ballard 87
0%
44 Kyle Chipchura 76
0%
19 Lauri Korpikoski 145
0%
43 Matthew Lombardi 77
0%
34 Michael Stone 96
0%
35 Mike Comrie 95
0%
37 Mike Gartner 90
0%
10 Mikkel Boedker 213
0%
33 Oleg Tverdovsky 99
0%
21 Paul Mara 142
0%
29 Peter Mueller 107
0%
24 Ray Whitney 134
0%
25 Rick Tocchet 130
0%
47 Taylor Pyatt 73
0%
28 Tobias Rieder 111
0%
45 Travis Green 74
0%
49 Trevor Letowski 73
0%
22 Zbynek Michalek 140
0%
Aucun quiz correspondant
Distribution des résultats
% des personnes avec chaque résultat
Percentile par nombre de réponses
Votre historique - résultats
Vous n’avez pas pris ce quiz